[Event "16th Costa del Sol it"]
[Site "Torremolinos y Malaga ESP"]
[Date "1976.02.06"]
[Round "1"]
[White "Christiansen, Larry Mark"]
[Black "Byrne, Robert"]
[Result "0-1"]
[WhiteElo "2400"]
[BlackElo "2540"]
[EventDate "1976.02.06"]
[PlyCount "60"]

1. d4 Nf6 2. Nf3 e6 3. Bg5 h6 4. Bxf6 Qxf6 5. e4 d6 6. Nc3 g6 7. Qd2 Bg7 8.
Bb5+ Nd7 9. e5 dxe5 10. dxe5 Qe7 11. Bxd7+ Bxd7 12. Qe3 Bc6 13. O-O-O O-O 14.
Ne4 Rfd8 15. Qf4 Bxe4 16. Qxe4 c6 17. Rxd8+ Rxd8 18. Rd1 Rxd1+ 19. Kxd1 Qc5 20.
Qe3 Qd5+ 21. Qd3 Qxa2 22. Qd8+ Bf8 23. b3 Qb1+ 24. Kd2 Qf1 25. Qd4 Qxg2 26. Ke2
b6 27. Qd7 Bc5 28. Qxc6 Qxf2+ 29. Kd3 Qe3+ 30. Kc4 a6 0-1

[Event "16th Costa del Sol it"]
[Site "Torremolinos y Malaga ESP"]
[Date "1976.02.06"]
[Round "1"]
[White "Szmetan, Jorge"]
[Black "Garcia Gonzalez, Guillermo"]
[Result "1-0"]
[WhiteElo "2450"]
[BlackElo "2475"]
[EventDate "1976.02.06"]
[PlyCount "55"]

1. e4 c5 2. Nf3 e6 3. d4 cxd4 4. Nxd4 Nc6 5. Nc3 d6 6. Be3 Nf6 7. Bc4 Be7 8.
Qe2 a6 9. O-O-O Qc7 10. Bb3 O-O 11. g4 Nxd4 12. Rxd4 b5 13. g5 Nd7 14. Rg1 Nc5
15. e5 g6 16. Rh4 Bb7 17. Rg3 Kg7 18. Bd4 d5 19. Bxd5 Bxd5 20. Nxd5 exd5 21.
e6+ f6 22. Qh5 Nd3+ 23. Kb1 gxh5 24. gxf6+ Kh8 25. fxe7+ Ne5 26. exf8=Q+ Rxf8
27. Rxh5 Rxf2 28. Bxf2 1-0

[Event "16th Costa del Sol it"]
[Site "Torremolinos y Malaga ESP"]
[Date "1976.02.07"]
[Round "2"]
[White "Byrne, Robert"]
[Black "Hernando Pertierra, Jose Carlos"]
[Result "1/2-1/2"]
[WhiteElo "2540"]
[BlackElo "2315"]
[EventDate "1976.02.06"]
[PlyCount "81"]

1. e4 c6 2. d4 g6 3. f4 d5 4. e5 h5 5. Nf3 Bg4 6. h3 Bxf3 7. Qxf3 h4 8. f5 gxf5
9. Qxf5 e6 10. Qf2 f5 11. exf6 Qxf6 12. Qxf6 Nxf6 13. Bd3 Bh6 14. Nd2 Nbd7 15.
Nf3 Nh5 16. O-O Nf4 17. Ng5 Bxg5 18. Bxf4 Bxf4 19. Rxf4 Ke7 20. Re1 Raf8 21.
Rg4 Rh6 22. c4 Nf6 23. Rg5 Rg8 24. Rxg8 Nxg8 25. cxd5 cxd5 26. Rc1 Kd6 27. Rc8
Ne7 28. Rd8+ Kc7 29. Rf8 Nc6 30. Rf7+ Kd6 31. Rxb7 Rf6 32. b4 Rf4 33. b5 Nxd4
34. Rxa7 e5 35. b6 e4 36. Ba6 Rf8 37. b7 Nc6 38. Ra8 Nb8 39. Bf1 d4 40. Be2 d3
41. Bxd3 {Blancas: 2 horas y 27 minutos  Negras: 2 horas y 22 minutos} 1/2-1/2

[Event "16th Costa del Sol it"]
[Site "Torremolinos y Malaga ESP"]
[Date "1976.02.07"]
[Round "2"]
[White "Garcia Gonzalez, Guillermo"]
[Black "Fraguela Gil, Jose Miguel"]
[Result "1/2-1/2"]
[WhiteElo "2475"]
[BlackElo "2380"]
[EventDate "1976.02.06"]
[PlyCount "27"]

1. d4 d5 2. c4 c6 3. Nf3 Nf6 4. cxd5 cxd5 5. Nc3 Nc6 6. Bf4 Bf5 7. e3 e6 8. Bd3
Bxd3 9. Qxd3 Bd6 10. Bxd6 Qxd6 11. O-O O-O 12. a3 a6 13. b4 b5 14. Rfe1 {
Blancas: 26 minutos  Negras: 16 minutos} 1/2-1/2

[Event "16th Costa del Sol it"]
[Site "Torremolinos y Malaga ESP"]
[Date "1976.02.07"]
[Round "2"]
[White "Pomar Salamanca, Arturo"]
[Black "Ciocaltea, Victor"]
[Result "1/2-1/2"]
[WhiteElo "2430"]
[BlackElo "2480"]
[EventDate "1976.02.06"]
[PlyCount "29"]

1. d4 g6 2. Nf3 Bg7 3. g3 d6 4. Bg2 Nd7 5. c4 e5 6. Nc3 Nh6 7. e4 O-O 8. O-O c6
9. h3 f6 10. Be3 Nf7 11. Qd2 f5 12. dxe5 Nfxe5 13. Nxe5 Nxe5 14. Qe2 Be6 15. b3
{Blancas: 1 hora y 5 minutos  Negras: 1 hora y 28 minutos} 1/2-1/2

[Event "16th Costa del Sol it"]
[Site "Torremolinos y Malaga ESP"]
[Date "1976.02.07"]
[Round "2"]
[White "Sigurjonsson, Gudmundur"]
[Black "Szmetan, Jorge"]
[Result "1/2-1/2"]
[WhiteElo "2530"]
[BlackElo "2450"]
[EventDate "1976.02.06"]
[PlyCount "45"]

1. e4 e5 2. Nf3 Nc6 3. Bb5 a6 4. Ba4 Nf6 5. O-O Nxe4 6. d4 b5 7. Bb3 d5 8. dxe5
Be6 9. c3 Bc5 10. Qd3 O-O 11. Be3 Na5 12. Nbd2 Bxe3 13. Qxe3 Qe7 14. Nxe4 dxe4
15. Qxe4 Bxb3 16. axb3 Nxb3 17. Ra3 Nc5 18. Qb4 Rfe8 19. c4 Rab8 20. Nd4 bxc4
21. Qxc4 Rxb2 22. Nf5 Qe6 23. Qxc5 {
Blancas: 2 horas y 12 minutos  Negras: 2 horas y 8 minutos} 1/2-1/2

[Event "16th Costa del Sol it"]
[Site "Torremolinos y Malaga ESP"]
[Date "1976.02.07"]
[Round "2"]
[White "Gheorghiu, Florin"]
[Black "Bellon Lopez, Juan Manuel"]
[Result "1-0"]
[WhiteElo "2540"]
[BlackElo "2475"]
[EventDate "1976.02.06"]
[PlyCount "81"]

1. e4 c5 2. Nf3 e6 3. d4 cxd4 4. Nxd4 a6 5. Bd3 g6 6. O-O Bg7 7. Be3 Nf6 8. c4
d6 9. Nc3 O-O 10. Re1 Nbd7 11. Bf1 b6 $5 (11... d5 12. exd5 exd5 13. cxd5 Nb6 {
happened in Gheorghiu - Gipslis, Moscow 1967.}) 12. Nc6 Qc7 13. Ne7+ Kh8 14.
Nxc8 Raxc8 15. Rc1 Rfd8 16. f3 Qb8 17. Qd2 Ne5 18. b3 d5 $2 {
Black gives an important pawn.} ({More solid is} 18... Rc6 19. Red1 Kg8) 19.
exd5 exd5 20. Nxd5 $1 b5 21. Bg5 bxc4 22. bxc4 Rd7 23. Rb1 Qa7+ 24. Kh1 Nxd5
25. cxd5 Qa8 26. Red1 f6 27. Be3 Rcd8 28. Qa5 h5 29. Qxa6 Qxa6 30. Bxa6 Rxd5
31. Rxd5 Rxd5 32. a4 f5 33. Bb5 Nd3 34. Bc4 Rd8 35. Bb6 Rd6 36. a5 Nb2 37. Bb5
Nd1 38. a6 Nc3 39. a7 Nxb1 40. a8=Q+ Kh7 41. Bg1 {Gheorghiu defended the extra
pawn easily.  Blancas: 1 hora y 52 minutos  Negras: 2 horas y 30 minutos} 1-0

[Event "16th Costa del Sol it"]
[Site "Torremolinos y Malaga ESP"]
[Date "1976.02.07"]
[Round "2"]
[White "Medina Garcia, Antonio Angel"]
[Black "Keene, Raymond Dennis"]
[Result "1/2-1/2"]
[WhiteElo "2345"]
[BlackElo "2460"]
[EventDate "1976.02.06"]
[PlyCount "58"]

1. e4 e6 2. d4 d5 3. Nd2 Nf6 4. e5 Nfd7 5. f4 c5 6. c3 Nc6 7. Ndf3 cxd4 8. cxd4
Qb6 9. g3 f6 10. Bd3 fxe5 11. fxe5 Bb4+ 12. Kf1 O-O 13. Kg2 Nxd4 14. Nxd4 Nxe5
15. Bf4 Nxd3 16. Qxd3 Bd6 17. Bxd6 Qxd6 18. Ngf3 e5 19. Nb5 Qd8 20. Qb3 e4 21.
Nfd4 Qg5 22. Rhe1 Bg4 23. Qe3 Qh5 24. Kg1 Bh3 25. Nc3 Rf7 26. Nde2 Raf8 27. Nf4
Rxf4 28. gxf4 d4 29. Qxe4 dxc3 {
Blancas: 2 horas y 28 minutos  Negras: 2 horas y 23 minutos} 1/2-1/2

[Event "16th Costa del Sol it"]
[Site "Torremolinos y Malaga ESP"]
[Date "1976.02.08"]
[Round "3"]
[White "Hernando Pertierra, Jose Carlos"]
[Black "Garcia Gonzalez, Guillermo"]
[Result "1-0"]
[WhiteElo "2315"]
[BlackElo "2475"]
[EventDate "1976.02.06"]
[PlyCount "109"]

1. Nf3 Nf6 2. c4 c5 3. Nc3 e6 4. g3 Nc6 5. Bg2 Qb6 6. e4 d6 7. O-O Be7 8. d3
O-O 9. Ne1 Bd7 10. Rb1 Nd4 11. Nc2 Nxc2 12. Qxc2 Bc6 13. Be3 a5 14. Qd1 Qa6 15.
Rc1 Rfd8 16. d4 cxd4 17. Bxd4 a4 18. Qe2 Be8 19. Rfd1 Rdc8 20. Bf1 Qa5 21. f3
Nd7 22. Nb5 Ne5 23. Bc3 Qa6 24. Na3 f6 25. Kh1 Bh5 26. g4 Bf7 27. Qe3 Qc6 28.
Bd4 h5 29. g5 Qe8 30. gxf6 gxf6 31. Be2 Kh7 32. Nb5 Qf8 33. Rc2 Rd8 34. Qc3 Rd7
35. f4 Ng4 36. Bxg4 hxg4 37. Bxf6 Bg6 38. f5 exf5 39. Bxe7 Qxe7 40. e5 f4 41.
Rcd2 Be4+ 42. Kg1 Rg8 43. Qd4 Bf3 44. Rf1 Qg5 45. Nxd6 Qh6 46. Qd3+ Rg6 47. Qf5
Rd8 48. c5 Qf8 49. Qxf8 Rxf8 50. Re1 g3 51. hxg3 fxg3 52. e6 Rh6 53. Rg2 Bxg2
54. Kxg2 Rf2+ 55. Kg1 {En el boletin aparece la jugada 55...Te2, la cual es
altamente improbable. Siguio 56.e7 y el negro abandono.  Blancas: 2 horas y 38
minutos  Negras: 2 horas y 30 minutos} 1-0

[Event "16th Costa del Sol it"]
[Site "Torremolinos y Malaga ESP"]
[Date "1976.02.08"]
[Round "3"]
[White "Ciocaltea, Victor"]
[Black "Christiansen, Larry Mark"]
[Result "0-1"]
[WhiteElo "2480"]
[BlackElo "2400"]
[EventDate "1976.02.06"]
[PlyCount "50"]

1. e4 c6 2. d4 d5 3. Nc3 dxe4 4. Nxe4 Nd7 5. Bc4 Ngf6 6. Ng5 e6 7. Qe2 Nb6 8.
Bd3 h6 9. N5f3 c5 10. dxc5 Bxc5 11. Ne5 Nbd7 12. Ngf3 Nxe5 13. Nxe5 O-O 14. O-O
b6 15. Rd1 Qe7 16. g4 Nd7 17. g5 Nxe5 18. Qxe5 f6 19. Qe4 f5 20. Qh4 Bb7 21.
Qh5 Qc7 22. Bb5 Rad8 23. Rxd8 Rxd8 24. gxh6 Qe5 25. Qg5 Qe1+ {
Blancas: 2 horas y 28 minutos  Negras: 1 hora y 30 minutos} 0-1

[Event "16th Costa del Sol it"]
[Site "Torremolinos y Malaga ESP"]
[Date "1976.02.08"]
[Round "3"]
[White "Fraguela Gil, Jose Miguel"]
[Black "Sigurjonsson, Gudmundur"]
[Result "1/2-1/2"]
[WhiteElo "2380"]
[BlackElo "2530"]
[EventDate "1976.02.06"]
[PlyCount "37"]

1. d4 Nf6 2. c4 g6 3. Nc3 Bg7 4. e4 d6 5. Nf3 O-O 6. Be2 e5 7. O-O Nbd7 8. d5
Nc5 9. Qc2 a5 10. Bg5 h6 11. Be3 b6 12. Nd2 Bg4 13. f3 Bd7 14. b3 Nh5 15. a3
Nf4 16. Rfe1 h5 17. Bf1 Bh6 18. Kh1 Kg7 19. b4 1/2-1/2

[Event "16th Costa del Sol it"]
[Site "Torremolinos y Malaga ESP"]
[Date "1976.02.08"]
[Round "3"]
[White "Bellon Lopez, Juan Manuel"]
[Black "Pomar Salamanca, Arturo"]
[Result "1-0"]
[WhiteElo "2475"]
[BlackElo "2430"]
[EventDate "1976.02.06"]
[PlyCount "109"]

1. Nf3 d5 2. g3 Nf6 3. c4 e6 4. Bg2 c5 5. O-O Nc6 6. cxd5 Nxd5 7. Nc3 Be7 8. d4
b6 9. dxc5 bxc5 10. Ne1 O-O 11. Nxd5 exd5 12. Qxd5 Bb7 13. Be3 Qb6 14. b4 Rad8
15. bxc5 Qa6 16. Qb3 Rb8 17. Qd3 Qa5 18. Bd2 Qa4 19. Rc1 Ba6 20. Qc2 Qb5 21.
Qe4 Qxe2 22. Be3 Rbc8 23. Nf3 Qxa2 24. Rfe1 Bb7 25. Bf4 Ra8 26. Bd6 Rfe8 27.
Ra1 Qe6 28. Qxe6 fxe6 29. Rxe6 Bxd6 30. Rxd6 Rac8 31. Ng5 h6 32. Bd5+ Kh8 33.
Nf7+ Kh7 34. Rd7 Ba8 35. Nd6 Red8 36. Rf7 Ne5 37. Bxa8 Rxd6 38. cxd6 Nxf7 39.
Be4+ Kh8 40. d7 Rd8 41. Rxa7 Ne5 42. Bf5 g6 43. f4 Nc6 44. Rc7 gxf5 45. Rxc6
Rxd7 46. Rxh6+ Kg7 47. Rh5 Kg6 48. Rg5+ Kf6 49. Kg2 Rd2+ 50. Kh3 Ra2 51. Rg8
Rb2 52. Ra8 Ke6 53. Kh4 Rxh2+ 54. Kg5 Rg2 55. Ra3 {
Blancas: 2 horas y 30 minutos  Negras: 2 horas y 25 minutos} 1-0

[Event "16th Costa del Sol it"]
[Site "Torremolinos y Malaga ESP"]
[Date "1976.02.08"]
[Round "3"]
[White "Szmetan, Jorge"]
[Black "Medina Garcia, Antonio Angel"]
[Result "1/2-1/2"]
[WhiteElo "2450"]
[BlackElo "2345"]
[EventDate "1976.02.06"]
[PlyCount "112"]

1. e4 e5 2. Nf3 Nc6 3. Bb5 a6 4. Bxc6 dxc6 5. O-O f6 6. d4 exd4 7. Nxd4 c5 8.
Nb3 Qxd1 9. Rxd1 Bg4 10. f3 Be6 11. Be3 b6 12. a4 c4 13. Nd4 O-O-O 14. Nc3 Bd7
15. Nd5 Ne7 16. Nf4 Nc6 17. Nxc6 Bxc6 18. Rxd8+ Kxd8 19. a5 b5 20. Ne6+ Kd7 21.
Nxf8+ Rxf8 22. Rd1+ Kc8 23. c3 Rd8 24. Bd4 Bd7 25. Re1 Re8 26. g4 Re7 27. Kf2
Kb7 28. Rg1 Rf7 29. Ke3 g6 30. Kf4 Kc6 31. h4 Kd6 32. Rd1 Ke6 33. Bc5 h6 34.
Rd2 Rh7 35. Ba7 Rh8 36. Be3 Bc6 37. Kg3 h5 38. gxh5 gxh5 39. Bf4 Rc8 40. Kf2 f5
41. Ke3 fxe4 42. fxe4 Bb7 43. Rg2 Rd8 44. Rg5 Rd3+ 45. Ke2 Kf7 46. Rf5+ Kg6 47.
Rg5+ Kf7 48. Rc5 Bxe4 49. Rxc7+ Ke6 50. Ra7 Kf5 51. Be3 Rd6 52. Bb6 Kg4 53.
Rxa6 Bf3+ 54. Ke3 Rd3+ 55. Kf2 Rd2+ 56. Ke3 Rd3+ {
Blancas: 2 horas y 34 minutos  Negras: 2 horas y 30 minutos} 1/2-1/2

[Event "16th Costa del Sol it"]
[Site "Torremolinos y Malaga ESP"]
[Date "1976.02.08"]
[Round "3"]
[White "Keene, Raymond Dennis"]
[Black "Gheorghiu, Florin"]
[Result "1/2-1/2"]
[WhiteElo "2460"]
[BlackElo "2540"]
[EventDate "1976.02.06"]
[PlyCount "28"]

1. c4 c5 2. Nf3 g6 3. e4 Bg7 4. d4 Qa5+ 5. Nc3 Nc6 6. d5 Nd4 7. Bd2 Nxf3+ 8.
Qxf3 d6 9. Be2 Nf6 10. Qd3 O-O 11. O-O a6 12. a4 Qc7 13. a5 e6 14. dxe6 Bxe6 {
Blancas: 33 minutos  Negras: 20 minutos} 1/2-1/2

[Event "16th Costa del Sol it"]
[Site "Torremolinos y Malaga ESP"]
[Date "1976.02.09"]
[Round "4"]
[White "Byrne, Robert"]
[Black "Garcia Gonzalez, Guillermo"]
[Result "1-0"]
[WhiteElo "2540"]
[BlackElo "2475"]
[EventDate "1976.02.06"]
[PlyCount "53"]

1. e4 c5 2. Nf3 Nc6 3. d4 cxd4 4. Nxd4 Nf6 5. Nc3 e5 6. Ndb5 d6 7. Bg5 a6 8.
Na3 b5 9. Bxf6 gxf6 10. Nd5 f5 11. exf5 Bxf5 12. c3 Bg7 13. Nc2 O-O 14. Nce3
Be6 15. g4 $5 Ra7 $5 (15... Bh6 {
fue jugada en Stanciu - Sveshnikov, Bucarest 1976.}) 16. Bg2 h5 $6 17. h3 Bh6
$6 {Vuelve a debilitar su flanco de rey} 18. Qf3 Bg5 $2 ({Mejor era} 18... Bg7)
19. h4 $1 Bxe3 (19... hxg4 20. Nxg4 Bxd5 21. Qxd5 Ne7 22. Qd3 Bf4 23. Nf6+ {
y las blancas ganan (Byrne - Mednis).}) 20. Nf6+ $1 Kh8 21. g5 $1 Kg7 22. Qxe3
d5 23. Rd1 Rd7 24. Nxh5+ Kh8 25. Nf6 Rd6 26. Qd3 e4 27. Bxe4 $1 {El blanco ha
ganado dos peones y el ataque contra el rey continua.  Blancas: 1 hora y 34
minutos  Negras: 1 hora y 28 minutos} 1-0

[Event "16th Costa del Sol it"]
[Site "Torremolinos y Malaga ESP"]
[Date "1976.02.09"]
[Round "4"]
[White "Sigurjonsson, Gudmundur"]
[Black "Hernando Pertierra, Jose Carlos"]
[Result "1-0"]
[WhiteElo "2530"]
[BlackElo "2315"]
[EventDate "1976.02.06"]
[PlyCount "63"]

1. e4 c6 2. d4 g6 3. Nc3 d5 4. e5 h5 5. h3 Nh6 6. Nf3 Na6 7. Bxa6 bxa6 8. O-O
Nf5 9. Na4 Ng7 10. Re1 Qa5 11. Nc5 Ne6 12. Bd2 Qb5 13. Nb3 Qa4 14. a3 Rb8 15.
Be3 h4 16. Qd2 Rh5 17. Rab1 Rb5 18. Nc1 Qa5 19. b4 Qc7 20. Nd3 Rb8 21. Rec1 Rf5
22. Nxh4 Rh5 23. Nf3 Bd7 24. c4 dxc4 25. Rxc4 Qd8 26. Rbc1 Rf5 27. Qe2 Rh5 28.
Nd2 Rb5 29. Ne4 Rd5 30. Nc3 Qb6 31. Nxd5 cxd5 32. R4c3 {
Blancas: 1 hora y 13 minutos  Negras: 1 hora y 18 minutos} 1-0

[Event "16th Costa del Sol it"]
[Site "Torremolinos y Malaga ESP"]
[Date "1976.02.09"]
[Round "4"]
[White "Christiansen, Larry Mark"]
[Black "Bellon Lopez, Juan Manuel"]
[Result "1-0"]
[WhiteElo "2400"]
[BlackElo "2475"]
[EventDate "1976.02.06"]
[PlyCount "41"]

1. e4 c5 2. Nf3 Nc6 3. Bb5 e6 4. O-O Nge7 5. Re1 a6 6. Bxc6 Nxc6 7. d4 cxd4 8.
Nxd4 d6 9. Nc3 Be7 10. Nxc6 bxc6 11. Qg4 g5 $6 ({Un movimiento solido es} 11...
Kf8) 12. e5 $5 (12. Qh5 $1 e5 13. Qh6) 12... h5 $5 13. Qc4 d5 $1 14. Qxc6+ Bd7
15. Qb7 O-O $5 16. Be3 Qc8 17. Qb6 f5 $4 ({Mejor es} 17... f6 $1 18. Qd4 fxe5
19. Qxe5 Bf6 20. Qd6 Rf7) 18. Nxd5 $1 exd5 (18... Bd8 19. Qd6 {
las blancas ganan (Byrne - Mednis).}) 19. Qg6+ Kh8 20. e6 $1 Bf6 21. Bxg5 $1 {
El rey negro tiene poca proteccion} 1-0

[Event "16th Costa del Sol it"]
[Site "Torremolinos y Malaga ESP"]
[Date "1976.02.09"]
[Round "4"]
[White "Medina Garcia, Antonio Angel"]
[Black "Fraguela Gil, Jose Miguel"]
[Result "1/2-1/2"]
[WhiteElo "2345"]
[BlackElo "2380"]
[EventDate "1976.02.06"]
[PlyCount "76"]

1. e4 c5 2. Nf3 Nc6 3. d4 cxd4 4. Nxd4 Nf6 5. Nc3 e5 6. Nf3 Bb4 7. Bc4 O-O 8.
O-O Bxc3 9. bxc3 Qa5 10. Qd3 d6 11. Bg5 Ne8 12. Rab1 Qc7 13. Nh4 Be6 14. Nf5
Rc8 15. Bd5 Kh8 16. f4 Bxf5 17. exf5 f6 18. Bh4 exf4 19. Qe4 b6 20. Bf2 Ne5 21.
Bd4 Qe7 22. Qxf4 Nc7 23. Bb3 Na6 24. Rfe1 Qb7 25. Be6 Rcd8 26. Rbd1 Nc5 27.
Bxc5 dxc5 28. Rd2 Qe7 29. Red1 g6 30. Qe4 Rxd2 31. Rxd2 Rd8 32. Rd5 Rxd5 33.
Qxd5 Kg7 34. h3 c4 35. Kf1 Kh6 36. Ke2 Kh5 37. g3 Qa3 38. Qd8 Qxc3 {
Blancas: 2 horas y 35 minutos  Negras: 1 hora y 58 minutos} 1/2-1/2

[Event "16th Costa del Sol it"]
[Site "Torremolinos y Malaga ESP"]
[Date "1976.02.09"]
[Round "4"]
[White "Pomar Salamanca, Arturo"]
[Black "Keene, Raymond Dennis"]
[Result "1/2-1/2"]
[WhiteElo "2430"]
[BlackElo "2460"]
[EventDate "1976.02.06"]
[PlyCount "21"]

1. d4 Nf6 2. c4 g6 3. Nc3 Bg7 4. g3 O-O 5. Bg2 d6 6. e4 c5 7. Nge2 Nc6 8. dxc5
dxc5 9. Be3 Ng4 10. Bxc5 Qa5 11. Ba3 {
Blancas: 34 minutos  Negras: 1 hora y 28 minutos} 1/2-1/2

[Event "16th Costa del Sol it"]
[Site "Torremolinos y Malaga ESP"]
[Date "1976.02.09"]
[Round "4"]
[White "Gheorghiu, Florin"]
[Black "Szmetan, Jorge"]
[Result "1/2-1/2"]
[WhiteElo "2540"]
[BlackElo "2450"]
[EventDate "1976.02.06"]
[PlyCount "64"]

1. c4 Nf6 2. Nc3 e5 3. Nf3 Nc6 4. g3 Bb4 5. Nd5 e4 6. Nh4 Bc5 7. Bg2 O-O 8. O-O
Re8 9. d3 exd3 10. Qxd3 Ne5 11. Qc2 c6 12. Be3 cxd5 13. Bxc5 d6 14. Bd4 dxc4
15. Rfd1 Nc6 16. Qxc4 Nxd4 17. Rxd4 Qb6 18. Rd2 Be6 19. Qd4 Qxd4 20. Rxd4 Rac8
21. Bxb7 Rb8 22. Ba6 Rxb2 23. Rxd6 Rxa2 24. Rxa2 Bxa2 25. Nf5 Ne4 26. Rc6 g6
27. Nd4 Rd8 28. e3 Rd6 29. Rxd6 Nxd6 30. Nc6 Be6 31. Nxa7 Bd7 32. f3 f5 {
Blancas: 1 hora y 18 minutos  Negras: 1 hora y 22 minutos} 1/2-1/2

[Event "16th Costa del Sol it"]
[Site "Torremolinos y Malaga ESP"]
[Date "1976.02.10"]
[Round "5"]
[White "Ciocaltea, Victor"]
[Black "Byrne, Robert"]
[Result "1/2-1/2"]
[WhiteElo "2480"]
[BlackElo "2540"]
[EventDate "1976.02.06"]
[PlyCount "34"]

1. e4 c5 2. Nf3 d6 3. d4 cxd4 4. Nxd4 Nf6 5. Nc3 a6 6. f4 Nbd7 7. Nf3 Qc7 8. a4
g6 9. Bd3 Bg7 10. O-O O-O 11. Kh1 b6 12. Qe1 Bb7 13. Qh4 Rae8 14. f5 e5 15. Bh6
Nh5 16. Bxg7 Kxg7 17. Nd2 Ndf6 {
Blancas: 1 hora y 21 minutos  Negras: 1 hora y 15 minutos} 1/2-1/2

[Event "16th Costa del Sol it"]
[Site "Torremolinos y Malaga ESP"]
[Date "1976.02.10"]
[Round "5"]
[White "Hernando Pertierra, Jose Carlos"]
[Black "Medina Garcia, Antonio Angel"]
[Result "0-1"]
[WhiteElo "2315"]
[BlackElo "2345"]
[EventDate "1976.02.06"]
[PlyCount "122"]

1. Nf3 c5 2. e3 g6 3. d4 Bg7 4. c4 Nf6 5. Nc3 O-O 6. Be2 cxd4 7. exd4 d5 8. O-O
dxc4 9. Bxc4 Nbd7 10. Bb3 Nb6 11. Bg5 Nbd5 12. Nxd5 Nxd5 13. Re1 Re8 14. Bh4 b6
15. Ne5 Bb7 16. Ba4 Rf8 17. Rc1 Rc8 18. Bc6 Bxe5 19. Bxb7 Rxc1 20. Qxc1 Bxh2+
21. Kh1 Bb8 22. Qc6 Nf6 23. d5 Qd6 24. Qxd6 Bxd6 25. Bxf6 exf6 26. Bc6 Be5 27.
b4 Kg7 28. b5 h5 29. Re4 Rc8 30. g3 Bd6 31. Kg2 f5 32. Re1 Kf6 33. Re2 f4 34.
Re4 fxg3 35. fxg3 Kg7 36. Ra4 Rc7 37. Re4 Re7 38. Rxe7 Bxe7 39. Kf3 f5 40. Be8
Bd6 41. Kf2 Kh6 42. Bd7 h4 43. gxh4 Be7 44. Kg3 Kh5 45. Be8 Bxh4+ 46. Kf4 Bf6
47. Bd7 Kh6 48. Bxf5 gxf5 49. Kxf5 Kg7 50. Ke6 Bh4 51. d6 Kf8 52. Kd7 Bg3 53.
Kc7 Ke8 54. Kb7 Bxd6 55. Kxa7 Bc7 56. Kb7 Kd7 57. a4 Kd8 58. Ka7 Kc8 59. Ka8
Bb8 60. a5 bxa5 61. b6 Bc7 {
Blancas: 3 horas y 25 minutos  Negras: 3 horas y 20 minutos} 0-1

[Event "16th Costa del Sol it"]
[Site "Torremolinos y Malaga ESP"]
[Date "1976.02.10"]
[Round "5"]
[White "Keene, Raymond Dennis"]
[Black "Christiansen, Larry Mark"]
[Result "1/2-1/2"]
[WhiteElo "2460"]
[BlackElo "2400"]
[EventDate "1976.02.06"]
[PlyCount "20"]

1. c4 Nf6 2. Nc3 c6 3. e4 d5 4. cxd5 cxd5 5. e5 d4 6. exf6 dxc3 7. bxc3 exf6 8.
d4 Bd6 9. Bd3 O-O 10. Ne2 Qc7 {Blancas: 55 minutos  Negras: 25 minutos} 1/2-1/2

[Event "16th Costa del Sol it"]
[Site "Torremolinos y Malaga ESP"]
[Date "1976.02.10"]
[Round "5"]
[White "Fraguela Gil, Jose Miguel"]
[Black "Gheorghiu, Florin"]
[Result "1/2-1/2"]
[WhiteElo "2380"]
[BlackElo "2540"]
[EventDate "1976.02.06"]
[PlyCount "29"]

1. d4 Nf6 2. c4 c5 3. d5 e6 4. Nc3 exd5 5. cxd5 g6 6. e4 d6 7. Nf3 Bg7 8. Be2
O-O 9. O-O Re8 10. Nd2 Na6 11. f3 Nc7 12. Kh1 b6 13. a4 Rb8 14. Ra3 Qd7 15. Nb5
{Blancas: 32 minutos  Negras: 1 hora y 10 minutos} 1/2-1/2

[Event "16th Costa del Sol it"]
[Site "Torremolinos y Malaga ESP"]
[Date "1976.02.10"]
[Round "5"]
[White "Szmetan, Jorge"]
[Black "Pomar Salamanca, Arturo"]
[Result "1/2-1/2"]
[WhiteElo "2450"]
[BlackElo "2430"]
[EventDate "1976.02.06"]
[PlyCount "78"]

1. e4 c6 2. Nc3 d5 3. Nf3 Bg4 4. h3 Bxf3 5. Qxf3 Nf6 6. d3 e6 7. a3 Nbd7 8. g4
g6 9. Bg2 Bg7 10. Qg3 Qb6 11. O-O O-O 12. Kh1 Ne8 13. Bd2 Kh8 14. Rab1 Rc8 15.
Ne2 Qc7 16. Qxc7 Nxc7 17. Be3 a6 18. Rfd1 f5 19. gxf5 gxf5 20. c4 fxe4 21. dxe4
Ne5 22. cxd5 exd5 23. exd5 Nxd5 24. Bxd5 cxd5 25. Rxd5 Nc4 26. Bc5 Rf3 27. b3
Na5 28. Be3 Nc6 29. Rd7 Rg8 30. Ng1 Rf5 31. Rxb7 Bd4 32. Bxd4+ Nxd4 33. Rb4 Nc2
34. Rg4 Rxf2 35. Rb2 Rd8 36. Rg2 Rxg2 37. Kxg2 Nxa3 38. Ra2 Nb5 39. Rxa6 Rd2+
1/2-1/2

[Event "16th Costa del Sol it"]
[Site "Torremolinos y Malaga ESP"]
[Date "1976.02.11"]
[Round "6"]
[White "Byrne, Robert"]
[Black "Sigurjonsson, Gudmundur"]
[Result "1/2-1/2"]
[WhiteElo "2540"]
[BlackElo "2530"]
[EventDate "1976.02.06"]
[PlyCount "39"]

1. e4 g6 2. d4 Bg7 3. Nc3 d6 4. f4 Nf6 5. Nf3 c5 6. e5 Nfd7 7. exd6 O-O 8. Be3
exd6 9. Qd2 Nc6 10. O-O-O Qa5 11. Kb1 Nf6 12. Nb5 Qxd2 13. Rxd2 cxd4 14. Bxd4
Nxd4 15. Nbxd4 Ne4 16. Re2 d5 17. Re1 Bg4 18. g3 a6 19. Bg2 Rfe8 20. c3 {
Blancas: 1 hora y 17 minutos  Negras: 1 hora y 44 minutos} 1/2-1/2

[Event "16th Costa del Sol it"]
[Site "Torremolinos y Malaga ESP"]
[Date "1976.02.11"]
[Round "6"]
[White "Ciocaltea, Victor"]
[Black "Bellon Lopez, Juan Manuel"]
[Result "1-0"]
[WhiteElo "2480"]
[BlackElo "2475"]
[EventDate "1976.02.06"]
[PlyCount "85"]

1. e4 c5 2. Nf3 e6 3. c3 b6 4. d4 Bb7 5. Bd3 Nc6 6. a3 d5 7. e5 c4 8. Bc2 b5 9.
O-O Be7 10. g3 a5 11. h4 a4 12. Bf4 g6 13. Nbd2 h5 14. Re1 Qd7 15. Nf1 O-O-O
16. Ne3 Bf8 17. Ng5 Nh6 18. Qe2 Bg7 19. Rad1 Ne7 20. Ng2 Rdf8 21. f3 Nhf5 22.
Qf2 Bh6 23. g4 Ng7 24. Qg3 Ng8 25. Ne3 Bc6 26. Nf1 Qa7 27. Qg2 Bd7 28. Be3 f5
29. exf6 Rxf6 30. Bf2 Ne7 31. Nh3 Bf4 32. Nxf4 Rxf4 33. Bg3 Rf7 34. Nh2 Rg8 35.
Be5 Ngf5 36. Qh3 Nh6 37. Rd2 Nc6 38. Rg2 Nxe5 39. Rxe5 hxg4 40. fxg4 Rf4 41.
Qe3 Rgf8 42. Bxg6 Ng8 43. Bf5 {
Blancas: 2 horas y 45 minutos  Negras: 2 horas y 35 minutos} 1-0